[Event "Montreal Mercredi 10"]
[Site "Montreal"]
[Date "2014.11.12"]
[Round "5"]
[White "Gates, Claude Eric"]
[Black "Cote, Philippe"]
[Result "1-0"]
[WhiteElo "1666"]
[BlackElo "1704"]
[PlyCount "35"]
[EventDate "2014.10.15"]
[EventType "swiss"]
[EventRounds "5"]
[EventCountry "CAN"]
[SourceTitle "EXT 2022"]
[Source "ChessBase"]
[SourceDate "2021.10.06"]
[SourceVersion "1"]
[SourceVersionDate "2021.10.06"]
[SourceQuality "1"]

1. d4 d6 2. c4 Nf6 3. Nc3 g6 4. e4 Bg7 5. f3 0-0 6. Be3 c5 7. Nge2 Nc6 8. Qd2 cxd4 9. Nxd4 Nxd4 10. Bxd4 a6 11. Be2 Qc7 12. 0-0 e5 13. Be3 Be6 14. b3 Rac8 15. Rac1 Rfd8 16. Rfd1 Ne8 17. Na4 Rd7 18. Nb6 1-0

[Event "Montreal Mercredi 09"]
[Site "Montreal"]
[Date "2014.09.10"]
[Round "2"]
[White "Cote, Philippe"]
[Black "Johnson Constantin, Matthieu"]
[Result "1/2-1/2"]
[WhiteElo "1708"]
[BlackElo "1755"]
[PlyCount "64"]
[EventDate "2014.09.03"]
[EventType "swiss"]
[EventRounds "5"]
[EventCountry "CAN"]
[SourceTitle "EXT 2022"]
[Source "ChessBase"]
[SourceDate "2021.10.06"]
[SourceVersion "1"]
[SourceVersionDate "2021.10.06"]
[SourceQuality "1"]

1. e4 e6 2. d3 d5 3. Nd2 d4 4. f4 Bb4 5. Ngf3 c5 6. Be2 Nf6 7. 0-0 Nc6 8. e5 Bxd2 9. Bxd2 Nd5 10. Ng5 Nce7 11. Ne4 Nf5 12. Rf3 b6 13. g4 Nfe3 14. Bxe3 Nxe3 15. Rxe3 dxe3 16. Nd6+ Ke7 17. d4 Qc7 18. c3 Rd8 19. Qd3 Rxd6 20. exd6+ Qxd6 21. Qxe3 cxd4 22. Qe4 Rb8 23. Rd1 Bb7 24. Qxd4 Qc6 25. Bf3 Qc5 26. Qxc5+ bxc5 27. Bxb7 Rxb7 28. Rd2 c4 29. Kf2 Kf6 30. Kf3 h5 31. h3 hxg4+ 32. hxg4 g5 1/2-1/2

[Event "Montreal Mercredi 08"]
[Site "Montreal"]
[Date "2013.08.28"]
[Round "1"]
[White "Cote, Philippe"]
[Black "Struben, Jeroen"]
[Result "1-0"]
[WhiteElo "1753"]
[BlackElo "1630"]
[PlyCount "49"]
[EventDate "2013.08.28"]
[EventType "swiss"]
[EventRounds "5"]
[EventCountry "CAN"]
[SourceTitle "EXT 2022"]
[Source "ChessBase"]
[SourceDate "2021.10.06"]
[SourceVersion "1"]
[SourceVersionDate "2021.10.06"]
[SourceQuality "1"]

1. e4 d6 2. d4 Nf6 3. Nc3 g6 4. Bg5 Bg7 5. f4 0-0 6. Nf3 c5 7. d5 Qa5 8. Qd2 Qb4 9. Bd3 Qxb2 10. Rb1 Qa3 11. 0-0 c4 12. Bxf6 Qc5+ 13. Kh1 Bxf6 14. e5 cxd3 15. exf6 dxc2 16. fxe7 Re8 17. Rbe1 Bf5 18. Nd4 c1Q 19. Rxc1 Rxe7 20. Nxf5 gxf5 21. Ne4 Qb5 22. Rc8+ Kg7 23. Qc3+ Re5 24. Ng3 Qxd5 25. fxe5 1-0

[Event "Montreal Mercredi 05"]
[Site "Montreal"]
[Date "2013.06.12"]
[Round "5"]
[White "Chesnut, Walter"]
[Black "Cote, Philippe"]
[Result "0-1"]
[WhiteElo "1597"]
[BlackElo "1725"]
[PlyCount "102"]
[EventDate "2013.05.15"]
[EventType "swiss"]
[EventRounds "5"]
[EventCountry "CAN"]
[SourceTitle "EXT 2014"]
[Source "ChessBase"]
[SourceDate "2013.11.20"]
[SourceVersion "1"]
[SourceVersionDate "2013.11.20"]
[SourceQuality "1"]

1. e4 d6 2. d4 Nf6 3. Nc3 g6 4. Nf3 Bg7 5. Be3 0-0 6. Qd2 a6 7. Bd3 Nc6 8. d5 Nb8 9. 0-0 Nbd7 10. Bh6 e5 11. Bxg7 Kxg7 12. Ne2 Nh5 13. g4 Nhf6 14. h3 h5 15. g5 Ng8 16. h4 Nc5 17. Ng3 Bh3 18. Rfe1 Qd7 19. Qe3 Nxd3 20. cxd3 c5 21. Kh2 f5 22. exf5 Bxf5 23. Nd2 Ne7 24. Qf3 Bg4 25. Qg2 Nxd5 26. Qxd5 Rxf2+ 27. Kg1 Rxd2 28. Rf1 Be6 29. Qf3 Qe7 30. Ne4 Rxb2 31. Rab1 Rxb1 32. Rxb1 Bd5 33. Qf6+ Qxf6 34. Nxf6 Bc6 35. Kf2 Rf8 36. Ke3 Rxf6 37. gxf6+ Kxf6 38. Rf1+ Kg7 39. Rf2 b5 40. a3 a5 41. Rf1 Bd5 42. Rb1 b4 43. axb4 axb4 44. Rb2 Kf6 45. Rf2+ Ke6 46. Kd2 Bc6 47. Rf8 Bd7 48. Rb8 Kd5 49. Rg8 Bf5 50. Rd8 e4 51. dxe4+ Bxe4 0-1

[Event "Montreal Mercredi 05"]
[Site "Montreal"]
[Date "2013.05.15"]
[Round "1"]
[White "Cote, Philippe"]
[Black "Baran, Marius"]
[Result "1-0"]
[WhiteElo "1725"]
[BlackElo "1572"]
[PlyCount "61"]
[EventDate "2013.05.15"]
[EventType "swiss"]
[EventRounds "5"]
[EventCountry "CAN"]
[SourceTitle "EXT 2014"]
[Source "ChessBase"]
[SourceDate "2013.11.20"]
[SourceVersion "1"]
[SourceVersionDate "2013.11.20"]
[SourceQuality "1"]

1. e4 c5 2. Nf3 d6 3. d4 cxd4 4. Nxd4 Nf6 5. Nc3 g6 6. f3 Bg7 7. Be3 Nc6 8. Qd2 0-0 9. 0-0-0 Nd7 10. h4 h5 11. g4 Nde5 12. Be2 Be6 13. Nxe6 fxe6 14. Bh6 Rf7 15. Bxg7 Rxg7 16. gxh5 gxh5 17. f4 Ng4 18. Bc4 d5 19. exd5 Na5 20. Bd3 Qb6 21. Rhg1 Rd8 22. Qg2 Qe3+ 23. Kb1 Qxf4 24. Rdf1 Qh6 25. Qe4 Qe3 26. Rxg4 Qxe4 27. Rxg7+ Kxg7 28. Bxe4 Nc4 29. Rg1+ Kf8 30. Kc1 exd5 31. Bxd5 1-0

[Event "Montreal CC-ch"]
[Site "Montreal"]
[Date "2012.06.16"]
[Round "2"]
[White "Caceres Cortes, Julio"]
[Black "Cote, Philippe"]
[Result "1-0"]
[WhiteElo "2018"]
[BlackElo "1657"]
[PlyCount "37"]
[EventDate "2012.06.15"]
[EventType "swiss"]
[EventRounds "5"]
[EventCountry "CAN"]
[SourceTitle "EXT 2022"]
[Source "ChessBase"]
[SourceDate "2021.10.06"]
[SourceVersion "1"]
[SourceVersionDate "2021.10.06"]
[SourceQuality "1"]

1. e4 d6 2. d4 Nf6 3. Nc3 g6 4. f4 Bg7 5. Nf3 c5 6. Bb5+ Bd7 7. e5 Ng4 8. Ng5 Bxb5 9. Qxg4 Bd7 10. e6 fxe6 11. Nxh7 Rxh7 12. Qxg6+ Kf8 13. Qxh7 cxd4 14. f5 Qa5 15. 0-0 exf5 16. Bh6 Qe5 17. Rae1 Qf6 18. Qh8+ Kf7 19. Bxg7 1-0

[Event "Montreal Mercredi 04"]
[Site "Montreal"]
[Date "2012.04.25"]
[Round "4"]
[White "Gauthier, Luc"]
[Black "Cote, Philippe"]
[Result "1-0"]
[WhiteElo "1691"]
[BlackElo "1672"]
[PlyCount "57"]
[EventDate "2012.04.13"]
[EventType "swiss"]
[EventRounds "5"]
[EventCountry "CAN"]
[SourceTitle "EXT 2022"]
[Source "ChessBase"]
[SourceDate "2021.10.06"]
[SourceVersion "1"]
[SourceVersionDate "2021.10.06"]
[SourceQuality "1"]

1. e4 d6 2. d4 Nf6 3. Nc3 g6 4. Be3 c6 5. Qd2 b5 6. f3 Nbd7 7. g4 Nb6 8. b3 Nfd7 9. h4 h6 10. Nge2 Bg7 11. Ng3 Nf6 12. h5 g5 13. Bd3 Qc7 14. 0-0-0 a5 15. e5 b4 16. Nb5 cxb5 17. exf6 Bxf6 18. Bxb5+ Bd7 19. Bxd7+ Kxd7 20. Ne4 Bg7 21. Nc5+ Ke8 22. Ne4 Nd5 23. Rhe1 a4 24. Kb1 e6 25. Bxg5 hxg5 26. Qxg5 Nc3+ 27. Nxc3 Qxc3 28. Re3 Bh6 29. Qb5+ 1-0

[Event "Montreal Mercredi 01"]
[Site "Montreal"]
[Date "2012.02.08"]
[Round "5"]
[White "Cote, Philippe"]
[Black "Nardone, Raul"]
[Result "0-1"]
[WhiteElo "1687"]
[BlackElo "1831"]
[PlyCount "64"]
[EventDate "2012.01.11"]
[EventType "swiss"]
[EventRounds "5"]
[EventCountry "CAN"]
[SourceTitle "EXT 2022"]
[Source "ChessBase"]
[SourceDate "2021.10.06"]
[SourceVersion "1"]
[SourceVersionDate "2021.10.06"]
[SourceQuality "1"]

1. e4 c5 2. b4 cxb4 3. a3 bxa3 4. Nxa3 Nc6 5. d4 d6 6. c3 Nf6 7. Bd3 g6 8. f4 Bg7 9. Nf3 0-0 10. 0-0 Bg4 11. f5 d5 12. exd5 Bxf3 13. Rxf3 Qxd5 14. Nb5 Qd8 15. fxg6 hxg6 16. Bg5 a6 17. Na3 b5 18. Qd2 Nxd4 19. Rh3 Nb3 20. Qf4 Qb6+ 21. Kh1 Nh5 22. Rxh5 gxh5 23. Rf1 Rad8 24. Bxe7 Rxd3 25. Bxf8 Qg6 26. Be7 Nd2 27. Re1 Bxc3 28. Rd1 Qg4 29. Qxg4+ hxg4 30. Nb1 b4 31. Bg5 Ne4 32. Nxc3 Nf2+ 0-1

[Event "Montreal Mercredi 01"]
[Site "Montreal"]
[Date "2012.01.18"]
[Round "2"]
[White "Cote, Philippe"]
[Black "Baran, Marius"]
[Result "1/2-1/2"]
[WhiteElo "1687"]
[BlackElo "1718"]
[PlyCount "83"]
[EventDate "2012.01.11"]
[EventType "swiss"]
[EventRounds "5"]
[EventCountry "CAN"]
[SourceTitle "EXT 2022"]
[Source "ChessBase"]
[SourceDate "2021.10.06"]
[SourceVersion "1"]
[SourceVersionDate "2021.10.06"]
[SourceQuality "1"]

1. e4 c5 2. Nf3 d6 3. d4 cxd4 4. Nxd4 Nf6 5. Nc3 g6 6. f3 Bg7 7. Be3 Nc6 8. Qd2 0-0 9. g4 Nd7 10. 0-0-0 Nxd4 11. Bxd4 Bxd4 12. Qxd4 Ne5 13. Be2 Be6 14. f4 Nc6 15. Qd2 Qa5 16. f5 Bxa2 17. fxg6 hxg6 18. Qh6 Be6 19. Rd3 Qe5 20. h4 Qg7 21. Qd2 Ne5 22. Rg3 Rac8 23. Nd5 Bxd5 24. exd5 Nc4 25. Bxc4 Rxc4 26. g5 Rfc8 27. c3 b5 28. h5 b4 29. hxg6 bxc3 30. gxf7+ Kxf7 31. g6+ Kg8 32. bxc3 Rxc3+ 33. Rxc3 Rxc3+ 34. Kd1 Rg3 35. Qc2 Rxg6 36. Qc8+ Kf7 37. Rf1+ Rf6 38. Qe6+ Ke8 39. Qc8+ Kf7 40. Qe6+ Kf8 41. Qc8+ Kf7 42. Qe6+ 1/2-1/2

[Event "Montreal Mercredi 08"]
[Site "Montreal"]
[Date "2011.09.21"]
[Round "4"]
[White "Millette, Sylvain"]
[Black "Cote, Philippe"]
[Result "1-0"]
[WhiteElo "1627"]
[BlackElo "1654"]
[PlyCount "91"]
[EventDate "2011.08.31"]
[EventType "swiss"]
[EventRounds "5"]
[EventCountry "CAN"]
[SourceTitle "EXT 2022"]
[Source "ChessBase"]
[SourceDate "2021.10.06"]
[SourceVersion "1"]
[SourceVersionDate "2021.10.06"]
[SourceQuality "1"]

1. Nf3 g6 2. g3 Bg7 3. Bg2 d6 4. d4 Nf6 5. 0-0 0-0 6. c3 Nbd7 7. Nbd2 c5 8. dxc5 Nxc5 9. Nb3 Ncd7 10. Ng5 Qc7 11. Ne4 Nxe4 12. Bxe4 Nf6 13. Bg2 Bd7 14. e4 Rad8 15. h3 h6 16. Be3 Bc6 17. Qc2 e5 18. Rad1 d5 19. exd5 Bxd5 20. Bxd5 Nxd5 21. Qe2 b6 22. Bc1 Rfe8 23. Rd2 Re7 24. Rfd1 Red7 25. Qb5 Nf6 26. Rxd7 Rxd7 27. Rxd7 Nxd7 28. Qd5 Qc8 29. Kg2 Kh7 30. Qxf7 Qc6+ 31. Qf3 e4 32. Qe3 Ne5 33. Nd4 Qd5 34. b3 Nd3 35. Bd2 h5 36. f3 exf3+ 37. Qxf3 Qxf3+ 38. Kxf3 Bh6 39. Bxh6 Kxh6 40. b4 Nc1 41. a4 Na2 42. Ne2 Kg5 43. Ke4 Kf6 44. Kd5 Kf5 45. b5 g5 46. Kd4 1-0

[Event "Montreal Mercredi 03"]
[Site "Montreal"]
[Date "2010.04.14"]
[Round "3"]
[White "Cote, Philippe"]
[Black "Rondon, Luciano"]
[Result "0-1"]
[WhiteElo "1753"]
[BlackElo "1793"]
[PlyCount "72"]
[EventDate "2010.03.31"]
[EventType "tourn"]
[EventRounds "5"]
[EventCountry "CAN"]
[SourceTitle "EXT 2013"]
[Source "ChessBase"]
[SourceDate "2012.11.22"]
[SourceVersion "1"]
[SourceVersionDate "2012.11.22"]
[SourceQuality "1"]

1. e4 c5 2. Nf3 d6 3. d4 cxd4 4. Nxd4 Nf6 5. Nc3 e6 6. Bc4 Be7 7. Bb3 a6 8. 0-0 0-0 9. f4 Nc6 10. Be3 Bd7 11. f5 Nxd4 12. Bxd4 e5 13. Be3 Bc6 14. Bd5 Bxd5 15. Nxd5 Nxe4 16. Qf3 Nf6 17. Nxf6+ Bxf6 18. Qxb7 Qa5 19. b4 Qa3 20. Qe4 d5 21. Qd3 Qxd3 22. cxd3 e4 23. Rad1 d4 24. Bf4 e3 25. Rc1 Rfc8 26. Rfe1 Be7 27. a3 a5 28. Rxc8+ Rxc8 29. b5 Bd8 30. Kf1 Rc2 31. Re2 Rc3 32. Bxe3 dxe3 33. Rxe3 Kf8 34. Ke2 Rxa3 35. Re5 a4 36. Re4 Rb3 0-1

[Event "Montreal Mercredi 05"]
[Site "Montreal"]
[Date "2009.05.20"]
[Round "2"]
[White "Cote, Philippe"]
[Black "Baran, Marius"]
[Result "1-0"]
[WhiteElo "1707"]
[BlackElo "1691"]
[PlyCount "49"]
[EventDate "2009.05.13"]
[EventType "tourn"]
[EventRounds "5"]
[EventCountry "CAN"]
[SourceTitle "EXT 2011"]
[Source "ChessBase"]
[SourceDate "2010.11.26"]
[SourceVersion "1"]
[SourceVersionDate "2010.11.26"]
[SourceQuality "1"]

1. e4 c5 2. Nf3 d6 3. d4 cxd4 4. Nxd4 Nf6 5. Nc3 g6 6. f3 Bg7 7. Be3 0-0 8. Qd2 Nc6 9. g4 Nxd4 10. Bxd4 Qa5 11. 0-0-0 Be6 12. h4 Nd7 13. Bxg7 Kxg7 14. h5 g5 15. f4 Bxg4 16. Rg1 Bxd1 17. Rxg5+ Qxg5 18. fxg5 Bxh5 19. Nd5 Rae8 20. Bb5 Bg4 21. Qg2 Be6 22. Nf4 Rd8 23. Qh2 Ne5 24. Qh6+ Kg8 25. Nh5 1-0

[Event "Montreal Mercredi 05"]
[Site "Montreal"]
[Date "2009.05.13"]
[Round "1"]
[White "Cote, Philippe"]
[Black "Dumont, Felix"]
[Result "0-1"]
[WhiteElo "1707"]
[BlackElo "1653"]
[PlyCount "44"]
[EventDate "2009.05.13"]
[EventType "tourn"]
[EventRounds "5"]
[EventCountry "CAN"]
[SourceTitle "EXT 2011"]
[Source "ChessBase"]
[SourceDate "2010.11.26"]
[SourceVersion "1"]
[SourceVersionDate "2010.11.26"]
[SourceQuality "1"]

1. e4 c5 2. Nf3 d6 3. d4 cxd4 4. Nxd4 Nf6 5. Nc3 a6 6. Bc4 e6 7. Bb3 b5 8. 0-0 Be7 9. Re1 0-0 10. Bg5 h6 11. Bh4 Qc7 12. a3 Re8 13. Qf3 Bb7 14. Rad1 Nxe4 15. Qh3 Nxc3 16. Nxe6 fxe6 17. Qxe6+ Kh8 18. bxc3 Nc6 19. Bg3 Rad8 20. Bf4 Qc8 21. Qg6 Ne5 22. Qg3 Bf6 0-1

[Event "Montreal Mercredi 11"]
[Site "Montreal"]
[Date "2008.11.19"]
[Round "1"]
[White "Savard, Alain"]
[Black "Cote, Philippe"]
[Result "1-0"]
[WhiteElo "1756"]
[BlackElo "1731"]
[PlyCount "47"]
[EventDate "2008.11.19"]
[EventType "tourn"]
[EventRounds "5"]
[EventCountry "CAN"]
[SourceTitle "EXT 2011"]
[Source "ChessBase"]
[SourceDate "2010.11.26"]
[SourceVersion "1"]
[SourceVersionDate "2010.11.26"]
[SourceQuality "1"]

1. e4 g6 2. d4 Bg7 3. Nf3 d6 4. Be3 Nd7 5. Qd2 a6 6. Bc4 e6 7. a4 h6 8. Nc3 b6 9. 0-0 Ne7 10. Rad1 Bb7 11. d5 e5 12. Ne1 g5 13. g3 Ng6 14. Be2 Qe7 15. Bg4 0-0-0 16. b4 f6 17. Bf5 Qf7 18. a5 b5 19. Qe2 Ne7 20. Be6 Qf8 21. Nxb5 axb5 22. Qxb5 f5 23. a6 Ba8 24. Ba7 1-0

[Event "Montreal Mercredi 10"]
[Site "Montreal"]
[Date "2008.10.08"]
[Round "1"]
[White "Cote, Philippe"]
[Black "Millette, Sylvain"]
[Result "1/2-1/2"]
[WhiteElo "1756"]
[BlackElo "1717"]
[PlyCount "75"]
[EventDate "2008.10.08"]
[EventType "tourn"]
[EventRounds "5"]
[EventCountry "CAN"]
[SourceTitle "EXT 2011"]
[Source "ChessBase"]
[SourceDate "2010.11.26"]
[SourceVersion "1"]
[SourceVersionDate "2010.11.26"]
[SourceQuality "1"]

1. Nc3 Nf6 2. d4 g6 3. e4 d6 4. h3 b6 5. Nf3 Bg7 6. Be3 Bb7 7. Bd3 Nbd7 8. Qd2 c5 9. d5 a6 10. a4 Qc7 11. Bc4 0-0 12. 0-0 Ne8 13. Bh6 Ne5 14. Nxe5 dxe5 15. Bxg7 Kxg7 16. Qe2 Nd6 17. Nd1 Qd7 18. Bd3 b5 19. c4 bxa4 20. Nc3 Qc7 21. Nxa4 Bc8 22. Qe3 Rb8 23. f4 exf4 24. Qxf4 Bd7 25. Nc3 Rxb2 26. e5 Nf5 27. Bxf5 Bxf5 28. d6 Qc6 29. Qg3 exd6 30. Rxf5 dxe5 31. Nd5 f6 32. Raf1 Qb7 33. Rxe5 Rxg2+ 34. Qxg2 fxe5 35. Rxf8 Kxf8 36. Qf2+ Kg8 37. Nf6+ Kg7 38. Ne8+ 1/2-1/2

[Event "Montreal Mercredi 09"]
[Site "Montreal"]
[Date "2007.09.26"]
[Round "4"]
[White "Cote, Philippe"]
[Black "Millette, Sylvain"]
[Result "1/2-1/2"]
[WhiteElo "1752"]
[BlackElo "1699"]
[PlyCount "75"]
[EventDate "2007.09.05"]
[EventType "swiss"]
[EventRounds "5"]
[EventCountry "CAN"]
[SourceTitle "EXT 2022"]
[Source "ChessBase"]
[SourceDate "2021.10.06"]
[SourceVersion "1"]
[SourceVersionDate "2021.10.06"]
[SourceQuality "1"]

1. e4 Nf6 2. e5 Nd5 3. d4 d6 4. c4 Nb6 5. f4 dxe5 6. fxe5 c5 7. d5 e6 8. Nc3 exd5 9. cxd5 c4 10. Nf3 Bb4 11. Bxc4 0-0 12. Bb3 Bg4 13. Qd4 Bxf3 14. gxf3 Nc6 15. Qe4 Bxc3+ 16. bxc3 Nxe5 17. 0-0 Re8 18. Kh1 Ng6 19. Qd4 Qd6 20. c4 Re2 21. f4 Nd7 22. Bb2 Nf6 23. c5 Qc7 24. Rae1 Rae8 25. Rxe2 Rxe2 26. Bc1 Re4 27. Qf2 Qd7 28. Qf3 Qb5 29. Bc2 Rd4 30. Rd1 Qxc5 31. Rxd4 Qxd4 32. d6 Qxd6 33. Qxb7 Qc5 34. Qa8+ Nf8 35. Qg2 Qc3 36. Bb2 Qe1+ 37. Qg1 Qh4 38. Qg3 1/2-1/2